La Globalización neoliberal: fases y resistencias desde América Latina y el Caribe /

Sparad:
Bibliografiska uppgifter
Huvudupphovsman: Aguilar S., Carlos G.
Materialtyp: Text
Ämnen:
Taggar: Lägg till en tagg
Inga taggar, Lägg till första taggen!

MARC

LEADER 00000 a a2200000 04500
001 11831
003
040
100 |a Aguilar S., Carlos G.  
245 |a La Globalización neoliberal:   |b fases y resistencias desde América Latina y el Caribe /  |c Carlos G. Aguilar S. 
650 |a RECESION ECONOMICA  
650 |a NEOLIBERALISMO  
650 |a GLOBALIZACION  
650 |a CAPITALISMO  
650 |a DEUDA EXTERNA  
650 |a LIBRE COMERCIO  
650 |a TRANSNACIONALES  
650 |a EMPOBRECIMIENTO  
650 |a DESEMPLEO  
773 |g número 122; páginas 26-32  
999 |c 29018  |d 29018